Biggest cities in Guatemala - Statistics

General Stats
  • This quiz has been taken 14 times
  • The average score is 7 of 15
Answer Stats
Population City % Correct
994 thou Guatemala City
91%
132 thou Quetzaltenango
64%
79 thou Chichicastenango
55%
103 thou Escuintla
55%
473 thou Mixco
55%
406 thou Villa Nueva
55%
97 thou Chinautla
45%
79 thou Huehuetenango
45%
122 thou Villa Canales
45%
71 thou Amatitlan
36%
141 thou Petapa
27%
136 thou San Juan Sacatepequez
27%
67 thou Santa Catarina Pinula
27%
69 thou Totonicapan
27%
79 thou Chimatenango
18%
No matching quizzes found
Score Distribution
Percent of People with Each Score
Percentile by Number Answered
Your Score History
You have not taken this quiz